Пиноккио модон хүүгийн үлгэр (Бичлэгийн дугаар. 857171)

MARC дэлгэрэнгүй
000 -Удирдлага
Ном зүйн бүртгэл тоо буюу кодлох утгыг агуулсан 00918nam a22002297a 4500
008 - ЕРӨНХИЙ МЭДЭЭЛЭЛ-ЭЛЕМЕНТҮҮДИЙН ӨГӨГДЛИЙН УРТ
fixed length control field 240606b mp ||||| |||| 00| 0 mon d
020 ## - ОЛОН УЛСЫН СТАНДАРТ НОМЫН ДУГААР-ISBN
Олон Улсын Стандарт Номын Дугаар 978-99929-4-715-2
035 ## - СИСТЕМИЙН ХЯНАЛТЫН ДУГААР
Системийн хяналтын дугаар 19079
040 ## - ЭХ СУРВАЛЖИЙГ ТОДОРХОЙЛОН БИЧИХ
Анхны каталогийн байгууллага BUL0163080
Каталогийн хэл Монгол
Бичлэг хийж нэвтрүүлэх байгууллага MN-UlNLM
Өөрчлүүлэх байгууллага MN-UlNLM
Бичиглэлийн тодорхойлолт rda
041 ## - ХЭЛНИЙ КОД
Текстийн хэлний код/фонограм буюу салангид гарчиг Монгол
042 ## - AUTHENTICATION CODE
Authentication code 32789
084 ## - БУСАД АНГИЛЛЫН ДУГААР
Ангиллын нэр Номын сан номзүйн ангилал
Анги 84 /4Ита/
Зохиогчийн 3-н тэмдэгт К 60
100 ## - ЗОХИОГЧИЙН ХЭСЭГ
Зохиогчийн нэр Коллоди К.
245 #0 - ҮНДСЭН ГАРЧИГ
Гарчиг Пиноккио модон хүүгийн үлгэр
264 ## - ГАРАЛТЫН МЭДЭЭ
Хэвлэгдсэн газар Улаанбаатар
Бүтээгч, хэвлэгч, түгээгч, үйлдвэрлэгчийн нэр "Хөх дэвтэр" хэвлэлийн га
Хэвлэгдсэн он 2012
300 ## - ТООНЫ МЭДЭЭ
Хуудасны тоо 257 х.
336 ## - АГУУЛГЫН ТӨРӨЛ
Нөөц rdacontent
Агуулгын төрлийн нөхцөл text
Агуулгын төрлийн код txt
337 ## - MEDIA TYPE
Эх сурвалж rdamedia
Файлын төрөл unmediated
Файлын код n
338 ## - CARRIER TYPE
Source rdacarrier
Carrier type term volume
Carrier type code nc
650 ## - Сэдэв
Сэдэв Пиноккио хэмээх модон хүүгийн гайхалтай адал явдлын тухай.... Пиноккио, Пиноко, Пинокио, Модон хүүгийн үлгэр, Коллоди, К.Коллод...
942 ## - ЭЛЕМЕНТИЙН ТӨРӨЛ
Анги Номын сан номзүйн ангилал
Төрөл Ном
Захиалгууд
Буцаан татагдсан төлөв Хасагдсан шалтгаан Гэмтсэн төлөв Данс заагч Захиалах боломжгүй Үндсэн номын сан Одоогийн байршил Салбар танхим Салбар танхим Бүртгэсэн огноо Тавиурын заалт Баркод Үнэ Хамгийн сүүлд байсан огноо Нийт уншлаганд гарсан тоо Дансны дугаар Төрөл
          Булган Булган Булган | Хүүхдийн уншлага Булган | Хүүхдийн уншлага 2024-06-09 84 /4Ита/ К 60 BUL0119079-2-1 8000.00 2024-06-09   27570 Ном
          Булган Булган Булган | Үндсэн фонд Булган | Үндсэн фонд 2024-06-09 84 /4Ита/ К 60 BUL0119079-3-1 8000.00 2024-06-09   10151 Ном